A guide to European Union law

Αποθηκεύτηκε σε:
Λεπτομέρειες βιβλιογραφικής εγγραφής
Κύριος συγγραφέας: Mathijsen, P. S. R. F.
Μορφή: Βιβλίο
Γλώσσα:English
Δημοσίευση: London : Sweet & Maxwell , c1999.
Έκδοση:7th ed.
Θέματα:
Ετικέτες: Προσθήκη ετικέτας
Δεν υπάρχουν, Καταχωρήστε ετικέτα πρώτοι!

MARC

LEADER 00000cam a2200000 i 4500
001 1/20836
008 051215s1999 enk ||| |||| ||eng||
020 |a 0421635002 
035 |l 10081715 
040 |a GR-MyUa  |b gre  |e AACR2 
041 0 |a eng 
082 7 |a 341.2422   |2 (22) 
100 1 |a Mathijsen, P. S. R. F. 
245 1 2 |a A guide to European Union law /   |c P.S.R.F. Mathijsen. 
250 |a 7th ed. 
260 |a London :   |b Sweet & Maxwell ,   |c c1999. 
300 |a lxxxii, 537 σ. ;   |c 24 εκ. 
500 |a Περιλαμβάνει ευρετήρια. 
610 2 0 |a European Union. 
650 0 0 |a Law  |z European Union countries. 
852 |a INST  |b RHODES  |e 20051215  |h 341.2422 MAT  |p 005400021754  |q 005400021754  |t BK  |y 0 
901 |a BIBL4-2005-3 
970 |a ΚΟΖΑ  |b ΜΑΡΙΑ  |z 2005/12/15